Eastern Utah Libraries Catalog: Duchesne, Heber, Roosevelt, & Vernal

Last stop on Market Street / (Record no. 206451)

MARC details
000 -LEADER
fixed length control field 01810cam a2200469 i 4500
001 - CONTROL NUMBER
control field 881469289
003 - CONTROL NUMBER IDENTIFIER
control field OCoLC
005 - DATE AND TIME OF LATEST TRANSACTION
control field 20260205142046.0
008 - FIXED-LENGTH DATA ELEMENTS--GENERAL INFORMATION
fixed length control field 140616s2015 nyua a 000 1 eng
010 ## - LIBRARY OF CONGRESS CONTROL NUMBER
LC control number 2014019913
020 ## - INTERNATIONAL STANDARD BOOK NUMBER
International Standard Book Number 9780399257742
020 ## - INTERNATIONAL STANDARD BOOK NUMBER
International Standard Book Number 0399257748
035 ## - SYSTEM CONTROL NUMBER
System control number (OCoLC)881469289
Canceled/invalid control number (OCoLC)881093315
-- (OCoLC)898757113
-- (OCoLC)902670688
-- (OCoLC)904325900
040 ## - CATALOGING SOURCE
Original cataloging agency DLC
Language of cataloging eng
Description conventions rda
Transcribing agency DLC
Modifying agency IG#
-- YCC
-- NYP
-- OCP
-- YDXCP
-- ZS3
-- UPZ
-- CGP
-- UAB
-- OCLCF
-- VP@
-- C9Z
-- EHH
-- BTCTA
-- DYJ
-- OCLCQ
-- OCLCO
-- WVX
042 ## - AUTHENTICATION CODE
Authentication code lcac
-- pcc
050 00 - LIBRARY OF CONGRESS CALL NUMBER
Classification number PZ7.P3725
Item number Las 2015
082 00 - DEWEY DECIMAL CLASSIFICATION NUMBER
Classification number [E]
Edition number 23
092 ## - LOCALLY ASSIGNED DEWEY CALL NUMBER (OCLC)
Classification number E
099 ## - LOCAL FREE-TEXT CALL NUMBER (OCLC)
Classification number E
-- Del
099 ## - LOCAL FREE-TEXT CALL NUMBER (OCLC)
Classification number E
-- Del
100 1# - MAIN ENTRY--PERSONAL NAME
Personal name de la Peña, Matt,
Relator term author.
9 (RLIN) 5961157
245 10 - TITLE STATEMENT
Title Last stop on Market Street /
Statement of responsibility, etc words by Matt de la Peña ; pictures by Christian Robinson.
264 #1 - Production, Publication, Distribution, Manufacture, and Copyright Notice.
Place of production, publication, distribution, manufacture New York, NY :
Name of producer, publisher, distributor, manufacturer G.P. Putnam's Sons, an imprint of Penguin Group (USA),
-- [2015] ©2015.
300 ## - PHYSICAL DESCRIPTION
Extent 1 volume (unpaged) :
Other physical details color illustrations ;
Dimensions 28 cm.
336 ## - Content Type
Content type term text
336 ## - Content Type
Content type term still image
337 ## - Media type
Media type term unmediated
338 ## - Carrier type
Carrier type term volume
490 ## - SERIES STATEMENT
Series statement Newbery
520 ## - SUMMARY, ETC.
Summary, etc A young boy rides the bus across town with his grandmother and learns to appreciate the beauty in everyday things.
526 0# - STUDY PROGRAM INFORMATION NOTE
Program name Accelerated Reader
Reading level 3.3.
650 ## - SUBJECT ADDED ENTRY--TOPICAL TERM
Topical term or geographic name as entry element Newbery Medal
650 #0 - SUBJECT ADDED ENTRY--TOPICAL TERM
Topical term or geographic name as entry element Buses
Form subdivision Juvenile fiction.
9 (RLIN) 5691303
650 #0 - SUBJECT ADDED ENTRY--TOPICAL TERM
Topical term or geographic name as entry element Grandmothers
Form subdivision Juvenile fiction.
9 (RLIN) 5683771
650 #0 - SUBJECT ADDED ENTRY--TOPICAL TERM
Topical term or geographic name as entry element City and town life
Form subdivision Juvenile fiction.
9 (RLIN) 5686161
650 #0 - SUBJECT ADDED ENTRY--TOPICAL TERM
Topical term or geographic name as entry element African Americans
Form subdivision Juvenile fiction.
9 (RLIN) 5674047
655 #7 - INDEX TERM--GENRE/FORM
Genre/form data or focus term Fiction.
Source of term fast
9 (RLIN) 5673940
655 #7 - INDEX TERM--GENRE/FORM
Genre/form data or focus term Juvenile works.
Source of term fast
9 (RLIN) 5673941
700 1# - ADDED ENTRY--PERSONAL NAME
Personal name Robinson, Christian,
Relator term illustrator.
9 (RLIN) 5882800
907 ## - LOCAL DATA ELEMENT G, LDG (RLIN)
a .b328388385
942 ## - ADDED ENTRY ELEMENTS (KOHA)
Source of classification or shelving scheme Dewey Decimal Classification
Koha item type BOOK
Holdings
Withdrawn status Lost status Source of classification or shelving scheme Damaged status Not for loan Collection code Home library Current library Shelving location Date acquired Source of acquisition Cost, normal purchase price Total Checkouts Total Renewals Full call number Barcode Checked out Date last seen Date checked out Cost, replacement price Price effective from Koha item type
    Dewey Decimal Classification     Junior Fiction Wasatch County Library Wasatch County Library Main Floor Junior Area 04/27/2017 Amazon 16.99 19 13 J de la Peña 34301001353293 04/26/2026 02/25/2026 02/25/2026 16.99 03/20/2020 BOOK
This project was made possible through a grant from the Institute of Museum and Library Service administered by the Utah State Library Division.

Wasatch County Library

  • 465 East 1200 South, Heber City, Utah 84032
  • Phone 435-654-1511 | Fax 435-654-6456

Hours

  • Monday - Friday 9:30 AM - 8:00 PM
  • Saturday 9:30 AM - 1:30 PM
  • Closed Sundays and Holidays